000 01933nam a2200277 a 4500
008 081010s2002 ||||||||||||||||| || u
020 _a8121920906
050 _aHF 5415.13 Neg
100 _aNegi, Jagmohan
245 1 0 _aMarketing and sales strategies for hotels and travel trade
_cJagmohan, Negi
250 _aFirst Edition
260 _aNew Delhi
_bS. Chand and Company Ltd
_c2002
300 _axvi, 374p.: ill.
350 _a145000.00
650 0 _aMARKETING--MANAGEMENT--CASE STUDIES
650 _aSALES MANAGEMENT
650 _aMARKETING--MANAGEMENT
995 _aANNEX COLLECTION (Main Library)
_D0.00
_e738725
_FCBU-MAIN LIBRARY (Kitwe)
_H1
_I0.00
_jHF 5415.13 Neg
_M2
_UAVAILABLE
_WOct 10, 2008
_y738725
_ZAnnex Low-Usage Collection
995 _aMAIN LIBRARY OPEN ACCESS
_D0.00
_e738724
_FCBU-MAIN LIBRARY (Kitwe)
_H1
_I0.00
_jHF 5415.13 Neg
_M1
_UAVAILABLE
_WOct 10, 2008
_y738724
_ZMain Library Open Access Collection
995 _aANNEX COLLECTION (Main Library)
_D0.00
_e738726
_FCBU-MAIN LIBRARY (Kitwe)
_H1
_I0.00
_jHF 5415.13 Neg
_M3
_UAVAILABLE
_WOct 10, 2008
_y738726
_ZAnnex Low-Usage Collection
995 _aTEXTBOOKS (SB)
_D145000.00
_e1858
_FCBU-SCHOOL TEXTBOOK COLLECTIONS
_H1
_I0.00
_jSCHOOL TEXTBOOK
_M6
_UAVAILABLE
_WSep 23, 2009
_y1858
_ZSchool Collections
995 _aTEXTBOOKS (SB)
_D145000.00
_e1860
_FCBU-SCHOOL TEXTBOOK COLLECTIONS
_H1
_I0.00
_jSCHOOL TEXTBOOK
_M8
_UAVAILABLE
_WSep 23, 2009
_y1860
_ZSchool Collections
995 _aANNEX COLLECTION (Main Library)
_D0.00
_e738728
_FCBU-MAIN LIBRARY (Kitwe)
_H1
_I0.00
_jHF 5415.13 Neg
_M5
_UAVAILABLE
_WOct 10, 2008
_y738728
_ZAnnex Low-Usage Collection
995 _aMAIN LIBRARY OPEN ACCESS
_D0.00
_e738727
_FCBU-MAIN LIBRARY (Kitwe)
_H1
_I0.00
_jHF 5415.13 Neg
_M4
_UAVAILABLE
_WOct 10, 2008
_y738727
_ZMain Library Open Access Collection
995 _aTEXTBOOKS (SB)
_D145000.00
_e1859
_FCBU-SCHOOL TEXTBOOK COLLECTIONS
_H1
_I0.00
_jSCHOOL TEXTBOOK
_M7
_UAVAILABLE
_WSep 23, 2009
_y1859
_ZSchool Collections
999 _c82625
_d82625